[Event "Ruhrgebiet Bezirksliga 15/16"]
[Site "Ruhrgebiet"]
[Date "2016.01.10"]
[Round "6.7"]
[White "Schletter, Jan Peter"]
[Black "Begemann, Jens"]
[Result "0-1"]
[WhiteElo "1137"]
[BlackElo "1517"]
[PlyCount "110"]
[EventDate "2015.08.30"]
[EventType "team-tourn"]
[EventRounds "9"]
[EventCountry "GER"]
[SourceTitle "EXT 2022"]
[Source "ChessBase"]
[SourceDate "2021.10.06"]
[SourceVersion "1"]
[SourceVersionDate "2021.10.06"]
[SourceQuality "1"]
[WhiteTeam "Unna SV II"]
[BlackTeam "Hamm SVg II"]
[WhiteTeamCountry "GER"]
[BlackTeamCountry "GER"]

1. e4 c5 2. Nf3 Nc6 3. Bc4 e6 4. Nc3 a6 5. a4 d6 6. d3 Be7 7. 0-0 Nf6 8. Re1 0-0 9. e5 dxe5 10. Nxe5 Nxe5 11. Rxe5 Qc7 12. Re1 b6 13. Bd2 Bb7 14. Ne4 Rad8 15. a5 b5 16. Ba2 Rd7 17. Re3 Rfd8 18. Qe2 Nxe4 19. Rxe4 Bxe4 20. Qxe4 Rd4 21. Qf3 Bf6 22. g3 c4 23. Bb1 cxd3 24. cxd3 R4d7 25. Ra3 Bxb2 26. Rb3 Bd4 27. h3 Qa7 28. Rb4 Rc8 29. Kg2 Bc3 30. Be3 Qb7 31. Qxb7 Rxb7 32. Rh4 g6 33. Bb6 Bf6 34. Rf4 Bd8 35. d4 Bxb6 36. axb6 Rxb6 37. Ba2 Rc7 38. g4 b4 39. Bb3 Ra7 40. Re4 a5 41. f4 a4 42. Bc4 b3 43. f5 b2 44. fxe6 fxe6 45. Bxe6+ Rxe6 46. Rxe6 b1Q 47. d5 a3 48. h4 a2 49. h5 a1Q 50. Kh3 Qh1+ 51. Kg3 Qc3+ 52. Kf4 Rf7+ 53. Kg5 Qxd5+ 54. Re5 Qdxe5+ 55. Kh4 g5# 0-1